000 00315nam a22001337a 4500
020 _a978-93-81639-79-5
082 _a158
_bWHI/G
100 _aWHITEHURST,TESS
245 _aTHE GOOD ENERGY BOOK
260 _aUSA
_bPROLIBRIS PUBLISHING MEDIA
300 _a219
650 _aSHARING POSITIVE ENERGY
_zUSA
942 _cBK
999 _c5710
_d5710